periodic table game - Statistics

General Stats
  • This quiz has been taken 127 times
  • The average score is 19 of 20
Answer Stats
Hint Answer % Correct
hydrogen h
100%
helium he
98%
boron b
96%
aluminum al
94%
carbon c
94%
calcium ca
94%
fluorine f
94%
lithium li
94%
magnesium mg
94%
nitrogen n
94%
neon ne
94%
oxygen o
94%
phosphorus p
94%
argon ar
92%
beryllium be
92%
chlorine cl
92%
sulfer s
92%
silicon si
92%
potassium k
90%
sodium na
90%
No matching quizzes found
Score Distribution
Percent of People with Each Score
Percentile by Number Answered
Your Score History
You have not taken this quiz